| 000 | 00355nab a22001097u 4500 | ||
|---|---|---|---|
| 008 | 130520b1987 xxu||||| |||| 00| 0 spa d | ||
| 041 | _aspa | ||
| 100 | 1 |
_aHilkert Andolsen, B. _967414 |
|
| 245 | 0 | 0 |
_aTrabajo femenino y cambio tecnológico en Norteamérica _cB. Hilkert Andolsen |
| 773 | 0 |
_tConcilium _gV.2,1987,págs.373-380 _x0210-1041 _wRev134 |
|
| 942 | _cAR | ||
| 999 |
_c355321 _d355321 |
||